000 00366 a2200169 4500
001 192812
020 _a978-85-359-2929-4
040 _cMagnum
100 _aAndrade, Oswaldo de
240 1 0 _aO rei da vela
_lpor
245 1 0 _aO rei da vela
300 _a119
362 0 _a2017
440 1 _aCompanhia das Letras
697 _aLITERATURA JUVENIL
942 _cBK
999 _c192812
_d192812